<?xml version="1.0" encoding="UTF-8"?>
<record
    xmlns:xsi="http://www.w3.org/2001/XMLSchema-instance"
    xsi:schemaLocation="http://www.loc.gov/MARC21/slim http://www.loc.gov/standards/marcxml/schema/MARC21slim.xsd"
    xmlns="http://www.loc.gov/MARC21/slim">

  <leader>05360nam a2200493Ia 4500</leader>
  <controlfield tag="001">dia_4894</controlfield>
  <controlfield tag="003">CHAP</controlfield>
  <controlfield tag="005">20240910183756.0</controlfield>
  <controlfield tag="007">ta</controlfield>
  <controlfield tag="008">220117s2012    mx abdofrm    001 0 spa d</controlfield>
  <datafield tag="010" ind1=" " ind2=" ">
    <subfield code="a">175691</subfield>
  </datafield>
  <datafield tag="040" ind1=" " ind2=" ">
    <subfield code="c">CHAP</subfield>
    <subfield code="a">mxchpua</subfield>
    <subfield code="e">rda</subfield>
  </datafield>
  <datafield tag="041" ind1="0" ind2=" ">
    <subfield code="a">spa</subfield>
    <subfield code="b">eng</subfield>
  </datafield>
  <datafield tag="090" ind1=" " ind2=" ">
    <subfield code="a">Tesis </subfield>
    <subfield code="b">A386 </subfield>
    <subfield code="c">2012</subfield>
  </datafield>
  <datafield tag="100" ind1="1" ind2=" ">
    <subfield code="a">Aguilar Villarreal, Jessica</subfield>
  </datafield>
  <datafield tag="240" ind1="1" ind2="0">
    <subfield code="a">Physical and chemical characteristics, and nixtamal in blue corn (Zea mays L.) two agroecological regions of Oaxaca.</subfield>
    <subfield code="l">Espa&#xF1;ol</subfield>
  </datafield>
  <datafield tag="245" ind1="1" ind2="0">
    <subfield code="a">Caracter&#xED;sticas f&#xED;sicas, qu&#xED;micas y nixtamalizaci&#xF3;n de ma&#xED;z azul (Zea mays L.) de dos regiones agroecol&#xF3;gicas de Oaxaca /</subfield>
    <subfield code="c">Jessica Aguilar Villarreal y Bernab&#xE9; Altunar L&#xF3;pez</subfield>
  </datafield>
  <datafield tag="264" ind1=" " ind2=" ">
    <subfield code="a">Chapingo, M&#xE9;xico :</subfield>
    <subfield code="b">El autor,</subfield>
    <subfield code="c">2012</subfield>
  </datafield>
  <datafield tag="300" ind1=" " ind2=" ">
    <subfield code="a">vii, 69 hojas :</subfield>
    <subfield code="b">ilustraciones, mapas, gr&#xE1;ficas, tablas, fotos +</subfield>
    <subfield code="e">1 CD-ROM</subfield>
  </datafield>
  <datafield tag="336" ind1=" " ind2=" ">
    <subfield code="2">rdacontent</subfield>
    <subfield code="a">texto</subfield>
    <subfield code="b">txt</subfield>
  </datafield>
  <datafield tag="337" ind1=" " ind2=" ">
    <subfield code="2">rdamedia</subfield>
    <subfield code="a">no mediado</subfield>
    <subfield code="b">n</subfield>
  </datafield>
  <datafield tag="338" ind1=" " ind2=" ">
    <subfield code="2">rdacarrier</subfield>
    <subfield code="a">volumen</subfield>
    <subfield code="b">nc</subfield>
  </datafield>
  <datafield tag="500" ind1=" " ind2=" ">
    <subfield code="a">El CD contiene reporte</subfield>
  </datafield>
  <datafield tag="502" ind1=" " ind2=" ">
    <subfield code="a">Tesis </subfield>
    <subfield code="b">(Ingeniero Agroindustrial)  -- </subfield>
    <subfield code="c">UACh. Departamento de Ingenier&#xED;a Agroindustrial, </subfield>
    <subfield code="d">2012</subfield>
  </datafield>
  <datafield tag="504" ind1=" " ind2=" ">
    <subfield code="a">Bibliograf&#xED;a: hojas 51-60</subfield>
  </datafield>
  <datafield tag="520" ind1="3" ind2=" ">
    <subfield code="a">M&#xE9;xico es considerado como uno de los centros de origen del ma&#xED;z (Zea mays L.), en tanto que Oaxaca es centro de origen y domesticaci&#xF3;n de la gram&#xED;nea, as&#xED; lo demuestran los restos arqueol&#xF3;gicos encontrados en diferentes lugares de este estado. Han sido poco estudiadas las razas de ma&#xED;z de Oaxaca por lo que existe poca informaci&#xF3;n en cuanto a la caracterizaci&#xF3;n. Los objetivos de esta investigaci&#xF3;n fueron caracterizar los ma&#xED;ces de grano azul en las razas de ma&#xED;z de dos Regiones de Oaxaca (Costa y Valles Centrales) en funci&#xF3;n de sus caracter&#xED;sticas f&#xED;sicas, qu&#xED;micas y de nixtamalizaci&#xF3;n y determinar su calidad tortillera. Para ello se analizaron 61 colectas de las regiones en estudio, de la Regi&#xF3;n Costa se analizaron 18 colectas (33.3 % del total fue para la raza Olotillo); de la Regi&#xF3;n de Valles Centrales fueron 43 colectas. En esta &#xFA;ltima Regi&#xF3;n la raza dominante fue Bolita, que represent&#xF3; el 81.4%. La mayor&#xED;a de las muestras presentaron una dureza de grano que va de intermedio a muy duro. El contenido de prote&#xED;na fue similar en las razas de ambas regiones, el de aceite fue mayor en las razas de la Regi&#xF3;n de Valles Centrales con respecto a lo observado en las de Costa. El Contenido de Antocianinas Totales (CAT) fue mayor en las razas Tuxpe&#xF1;o (768.4 mg/kg materia seca) y Conejo (629.8 mg/kg materia seca) provenientes de la Regi&#xF3;n de Costa. Las variables: humedad de tortilla (HT), rendimiento en tortilla caliente (RTC) y rendimiento en tortilla fr&#xED;a (RTF) los valores obtenidos no presentaron diferencia entre los materiales evaluados en cada regi&#xF3;n, los contenidos fueron muy similares entre las razas de las dos regiones. La degradaci&#xF3;n de antocianinas impact&#xF3; en el color de las tortillas principalmente de la Regi&#xF3;n de Costa. --</subfield>
  </datafield>
  <datafield tag="520" ind1="3" ind2=" ">
    <subfield code="a">Mexico is considered one of the centers of origin of corn (Zea mays L.), while Oaxaca is the center of origin and domestication of the grass, as shown by the archaeological remains found in different places in this state. The races of corn in Oaxaca have been little studied, so there is little information regarding the characterization. The objectives of this research were to characterize the blue corn varieties in the races of corn in two regions of Oaxaca (Coast and Central Valley) based on their physical, chemical and nixtamalization and determine the tortilla quality. We analyzed 61 collections of the regions under study, in the coastal region was analyzed 18 collections (33.3% of the total was Olotillo&#xB4;s race), and in the Central Valley Region were 43 collections. In the latter region the dominant race was "Bolita", which depicted for 81.4%. Most samples had a grain hardness that ranges from intermediate to very hard. The protein content was similar in the races of both regions; the oil was higher in the races of the Central Valley Region with respect to that observed in the coast. Total Anthocyanin Content (TAC) was higher in races Tuxpe&#xF1;o (768.4 mg / kg dry matter) and Conejo (629.8 mg / kg dry matter) from the Coast Region. The variables such as: tortilla's moisture (HT), output in warm tortilla (RTC) and output in cold tortilla (RTF), the values obtained were similar between the materials evaluated in each region; the contents were very similar between races in the two regions. The degradation of anthocyanins impacted in the color of the tortillas, mainly in the Coast Region.</subfield>
  </datafield>
  <datafield tag="650" ind1="1" ind2="3">
    <subfield code="a">Ma&#xED;z</subfield>
    <subfield code="x">Propiedades fisicoqu&#xED;micas</subfield>
    <subfield code="z">M&#xE9;xico</subfield>
    <subfield code="z">Oaxaca   </subfield>
    <subfield code="2">atg</subfield>
  </datafield>
  <datafield tag="650" ind1="1" ind2="3">
    <subfield code="a">Ma&#xED;z  </subfield>
    <subfield code="2">atg</subfield>
  </datafield>
  <datafield tag="650" ind1="1" ind2="3">
    <subfield code="a">Ma&#xED;z</subfield>
    <subfield code="x">Nixtamalizaci&#xF3;n  </subfield>
    <subfield code="2">atg</subfield>
  </datafield>
  <datafield tag="650" ind1="1" ind2="3">
    <subfield code="a">Corn   </subfield>
    <subfield code="2">atg</subfield>
  </datafield>
  <datafield tag="650" ind1="1" ind2="3">
    <subfield code="a">Corn</subfield>
    <subfield code="x">Nixtamalization  </subfield>
    <subfield code="2">atg</subfield>
  </datafield>
  <datafield tag="650" ind1="1" ind2="3">
    <subfield code="a">Corn</subfield>
    <subfield code="x">Physicochemical properties</subfield>
    <subfield code="z">M&#xE9;xico</subfield>
    <subfield code="z">Oaxaca</subfield>
    <subfield code="2">atg</subfield>
  </datafield>
  <datafield tag="700" ind1="1" ind2=" ">
    <subfield code="a">Altunar L&#xF3;pez, Bernab&#xE9;</subfield>
    <subfield code="e">autor</subfield>
  </datafield>
  <datafield tag="700" ind1="1" ind2=" ">
    <subfield code="a">Salinas Moreno, Yolanda</subfield>
    <subfield code="e">directora</subfield>
  </datafield>
  <datafield tag="700" ind1="1" ind2=" ">
    <subfield code="a">Arag&#xF3;n Cuevas, Flavio</subfield>
    <subfield code="e">asesor</subfield>
  </datafield>
  <datafield tag="700" ind1="1" ind2=" ">
    <subfield code="a">Esparza Torres, F&#xE9;lix</subfield>
    <subfield code="e">asesor</subfield>
  </datafield>
  <datafield tag="856" ind1="4" ind2="1">
    <subfield code="u">http://10.13.5.2/tesis/115454.pdf</subfield>
    <subfield code="y">DESCARGAR PDF</subfield>
  </datafield>
  <datafield tag="901" ind1=" " ind2=" ">
    <subfield code="a">TESIS A386 2012</subfield>
  </datafield>
  <datafield tag="902" ind1=" " ind2=" ">
    <subfield code="a">M</subfield>
  </datafield>
  <datafield tag="905" ind1=" " ind2=" ">
    <subfield code="a">5232272012                          mx dml 8223223322spa16</subfield>
  </datafield>
  <datafield tag="942" ind1=" " ind2=" ">
    <subfield code="c">TESIS</subfield>
    <subfield code="2">Clasificaci&#xF3;n Universidad Aut&#xF3;noma Chapingo</subfield>
  </datafield>
  <datafield tag="999" ind1=" " ind2=" ">
    <subfield code="c">175691</subfield>
    <subfield code="d">175691</subfield>
  </datafield>
  <datafield tag="952" ind1=" " ind2=" ">
    <subfield code="0">0</subfield>
    <subfield code="1">0</subfield>
    <subfield code="2">local</subfield>
    <subfield code="4">0</subfield>
    <subfield code="5">5</subfield>
    <subfield code="7">0</subfield>
    <subfield code="8">TESIS</subfield>
    <subfield code="a">IA_</subfield>
    <subfield code="b">IA_</subfield>
    <subfield code="d">2022-01-18</subfield>
    <subfield code="e">El autor</subfield>
    <subfield code="l">1</subfield>
    <subfield code="o">Tesis A386 2012</subfield>
    <subfield code="p">1101006715</subfield>
    <subfield code="r">2024-09-18 19:08:06</subfield>
    <subfield code="s">2024-09-18</subfield>
    <subfield code="t">Ej. 4</subfield>
    <subfield code="w">2022-01-18</subfield>
    <subfield code="y">CD</subfield>
  </datafield>
  <datafield tag="952" ind1=" " ind2=" ">
    <subfield code="0">0</subfield>
    <subfield code="1">0</subfield>
    <subfield code="2">local</subfield>
    <subfield code="4">0</subfield>
    <subfield code="5">1</subfield>
    <subfield code="7">0</subfield>
    <subfield code="8">TESIS</subfield>
    <subfield code="a">IA_</subfield>
    <subfield code="b">IA_</subfield>
    <subfield code="d">2022-01-18</subfield>
    <subfield code="e">El autor</subfield>
    <subfield code="l">0</subfield>
    <subfield code="o">Tesis A386 2012</subfield>
    <subfield code="p">1101006713</subfield>
    <subfield code="r">2026-02-02 00:00:00</subfield>
    <subfield code="t">Ej. 1</subfield>
    <subfield code="w">2022-01-18</subfield>
    <subfield code="y">TESIS</subfield>
  </datafield>
  <datafield tag="952" ind1=" " ind2=" ">
    <subfield code="0">0</subfield>
    <subfield code="1">0</subfield>
    <subfield code="2">local</subfield>
    <subfield code="4">0</subfield>
    <subfield code="5">1</subfield>
    <subfield code="7">0</subfield>
    <subfield code="8">TESIS</subfield>
    <subfield code="a">IA_</subfield>
    <subfield code="b">IA_</subfield>
    <subfield code="d">2022-01-18</subfield>
    <subfield code="e">El autor</subfield>
    <subfield code="l">0</subfield>
    <subfield code="o">Tesis A386 2012</subfield>
    <subfield code="p">1101006714</subfield>
    <subfield code="r">2022-01-18 00:00:00</subfield>
    <subfield code="t">Ej. 3</subfield>
    <subfield code="w">2022-01-18</subfield>
    <subfield code="y">CD</subfield>
  </datafield>
  <datafield tag="952" ind1=" " ind2=" ">
    <subfield code="0">0</subfield>
    <subfield code="1">0</subfield>
    <subfield code="2">local</subfield>
    <subfield code="4">0</subfield>
    <subfield code="7">0</subfield>
    <subfield code="8">TesDigL</subfield>
    <subfield code="a">IA_</subfield>
    <subfield code="b">IA_</subfield>
    <subfield code="c">E_L</subfield>
    <subfield code="d">2024-09-10</subfield>
    <subfield code="e">El autor</subfield>
    <subfield code="l">0</subfield>
    <subfield code="p">1201006713</subfield>
    <subfield code="r">2024-09-10 19:40:12</subfield>
    <subfield code="w">2024-09-10</subfield>
    <subfield code="y">TD</subfield>
  </datafield>
  <datafield tag="952" ind1=" " ind2=" ">
    <subfield code="0">0</subfield>
    <subfield code="1">0</subfield>
    <subfield code="2">local</subfield>
    <subfield code="4">0</subfield>
    <subfield code="5">5</subfield>
    <subfield code="7">0</subfield>
    <subfield code="8">TESIS</subfield>
    <subfield code="a">IA_</subfield>
    <subfield code="b">IA_</subfield>
    <subfield code="d">2022-01-18</subfield>
    <subfield code="e">El autor</subfield>
    <subfield code="l">0</subfield>
    <subfield code="o">Tesis A386 2012</subfield>
    <subfield code="p">1101016401</subfield>
    <subfield code="r">2026-02-20 11:41:13</subfield>
    <subfield code="t">Ej. 2</subfield>
    <subfield code="w">2022-01-18</subfield>
    <subfield code="y">TESIS</subfield>
  </datafield>
</record>
